000 00815nam a22002537a 4500
005 20170123162344.0
010 _a306768
020 _c8.00
035 _a306768
037 _bCen Lib/Ret
040 _aDPL
_bUR
082 _a523.3
_bص ی د
100 _aصدیقی، محمّد اسحاق
_9108074
245 _aچاند کی کہانی /
_cمحمّد اسحاق صدیقی
246 _aChand ki kahani /
_bby Mohammad Ishaq Siddique
260 _aلکھنؤ
_bاحباب پبلشرز
_c1960
270 _bلکھنؤ
_aمقبرہ عالیہ گولاگنج
300 _a102
_c17cm(Hb)
650 _a سائنس
_9129766
650 _aچاند کی کہانی
_9119541
650 _aScience
_910795
650 _aStory of Moon
_9129767
942 _2ddc
_cUR
_h523.3
_mص د ی
999 _c108733
_d108733